000 00515nam a2200193Ia 4500
005 20250508162113.0
008 008 250505s9999 xx 000 0 eng d
020 _a0-7130-0157-7
037 _aTextual
040 _aFEDL
_beng
_cFEDL
041 _aeng
_2eng
084 _a373, GOR
_qFEDL
100 _aGordon Peter
245 0 _aSelection for secondary education
260 _aLondon, UK
_bThe Woburn Press
_c1980
300 _aix,269p.
942 _cTEXL
_h373, GOR
999 _c1374401
_d1374401